000 00771nam a2200205 a 4500
003 CBULib
005 20240515145051.0
008 090612s2008 ||||||||||||||||| || u
040 _aCBUlib
_bEnglish
_cCBULib
_dCBULib
_erda
050 _aUN-ECE(02)2008/15
110 _aUnited Nations Economic and Social Affairs (UNESA)
245 1 4 _aThe Pan-European programme on transport, health and environment: assessment and progress made
_c/by United Nations Economic for Europe
260 _aNew York
_bUNITED NATIONS
_c2008
300 _a17pages. : illustrations
336 _2rdacontent
_aText |
_btxt
337 _2rdamedia
_aUnmediated |
_bn
338 _2rdacarrier
_aVolume
_bnc
942 _2lcc
_c029
999 _c53093
_d53093